| 000 | 00410pab a2200157 454500 | ||
|---|---|---|---|
| 008 | 180718b1984 xxu||||| |||| 00| 0 eng d | ||
| 100 | _aPal, Chandra | ||
| 245 | _aCentre-state relations: Current issues and trends | ||
| 260 | _c1984 | ||
| 300 | _ap.406-430. | ||
| 362 | _aApr-Jun | ||
| 650 | _aFederal state relations | ||
| 773 | _aIndian Journal of Public Administration | ||
| 908 | _aN | ||
| 909 | _a87955 | ||
| 999 |
_c87955 _d87955 |
||